000 01245nam a2200313Ia 4500
001 ebr10638841
003 CaPaEBR
006 m u
007 cr cn|||||||||
008 121015s2013 enk sb 001 0 eng d
010 _z 2012039501
020 _z9781441151308 (hardcover)
020 _z9781441171924 (ebook)
040 _aCaPaEBR
_cCaPaEBR
035 _a(OCoLC)821718419
050 1 4 _aP306
_b.M67 2013eb
100 1 _aMorini, Massimiliano.
245 1 4 _aThe pragmatic translator
_h[electronic resource] :
_ban integral theory of translation /
_cMassimiliano Morini.
260 _aLondon ;
_aNew York :
_bBloomsbury Publishing,
_c2013.
300 _a200 p.
490 0 _aBloomsbury advances in translation
504 _aIncludes bibliographical references and index.
533 _aElectronic reproduction.
_bPalo Alto, Calif. :
_cebrary,
_d2013.
_nAvailable via World Wide Web.
_nAccess may be limited to ebrary affiliated libraries.
650 0 _aTranslating and interpreting.
650 0 _aLanguage and languages.
655 7 _aElectronic books.
_2local
710 2 _aebrary, Inc.
856 4 0 _uhttp://site.ebrary.com/lib/rucke/Doc?id=10638841
_zAn electronic book accessible through the World Wide Web; click to view
999 _c49423
_d49423